书目信息 |
| 题名: |
钻孔灌注桩施工标准
|
|
| 作者: | 龚剑 起草 ;上海建工集团股份公司 , 华东建筑集团股份公司 主编 | |
| 分册: | ||
| 出版信息: | 上海 同济大学出版社 2021.03 |
|
| 页数: | 92页 | |
| 开本: | 21cm | |
| 丛书名: | 上海市工程建设规范 | |
| 单 册: | ||
| 中图分类: | TU753.3 | |
| 科图分类: | ||
| 主题词: | 钻孔灌注桩--zuan kong guan zhu zhuang--工程施工--标准--上海 | |
| 电子资源: | ||
| ISBN: | 978-7-5608-9777-6 | |
| 000 | 01452nam 2200325 450 | |
| 001 | CAL 0120217153290 | |
| 005 | 20210426143752. | |
| 010 | @a978-7-5608-9777-6@dCNY30.00 | |
| 094 | @aCN@bDG/TJ 08-202-2020 J 11042-2020 | |
| 100 | @a20210423d2021 em y0chiy0120 ea | |
| 101 | 0 | @achi@eeng |
| 102 | @aCN@b310000 | |
| 105 | @aa l 000yy | |
| 106 | @ar | |
| 200 | 1 | @a钻孔灌注桩施工标准@Azuan kong guan zhu zhuang shi gong biao zhun@d= Standard for construction of bored cast-in-place pile@f主编单位上海建工集团股份有限公司, 华东建筑集团股份有限公司@zeng |
| 210 | @a上海@c同济大学出版社@d2021.03 | |
| 215 | @a92页@c图@d21cm | |
| 225 | 2 | @a上海市工程建设规范@Ashang hai shi gong cheng jian she gui fan |
| 300 | @a上海市住房与城乡建设管理委员会发布 2020-08-20发布 2021-03-01实施 | |
| 314 | @a起草人: 龚剑 ... [等] | |
| 330 | @a为规范钻孔灌注桩施工, 做到技术先进、经济合理、安全适用、资源节约, 加强环境保护, 保证工程施工质量, 制定本标准。 | |
| 410 | 0 | @12001 @a上海市工程建设规范 |
| 510 | 1 | @aStandard for construction of bored cast-in-place pile@zeng |
| 606 | 0 | @a钻孔灌注桩@Azuan kong guan zhu zhuang@x工程施工@x标准@y上海 |
| 690 | @aTU753.3@v5 | |
| 701 | 0 | @a龚剑@Agong jian@4起草 |
| 712 | 02 | @a上海建工集团股份公司@Ashang hai jian gong ji tuan gu fen gong si@4主编 |
| 712 | 02 | @a华东建筑集团股份公司@Ahua dong jian zhu ji tuan gu fen gong si@4主编 |
| 801 | 0 | @aCN@b人天书店@c20210423 |
| 905 | @aTSG@b0000140@dTU753.3@eG385@f2 | |
| 钻孔灌注桩施工标准= Standard for construction of bored cast-in-place pile/主编单位上海建工集团股份有限公司, 华东建筑集团股份有限公司.-上海:同济大学出版社,2021.03 |
| 92页:图;21cm.-(上海市工程建设规范) |
| 上海市住房与城乡建设管理委员会发布 2020-08-20发布 2021-03-01实施 |
| ISBN 978-7-5608-9777-6:CNY30.00 |
| 为规范钻孔灌注桩施工, 做到技术先进、经济合理、安全适用、资源节约, 加强环境保护, 保证工程施工质量, 制定本标准。 |
| ● |
| 相关链接 |
|
|
|
正题名:钻孔灌注桩施工标准
索取号:TU753.3/G385
 
预约/预借
| 序号 | 登录号 | 条形码 | 馆藏地/架位号 | 状态 | 备注 |
| 1 | 1531352 | 215313523 | 建筑库201/201建筑库 41排7列4层/ [索取号:TU753.3/G385] | 在馆 | |
| 2 | 1531353 | 215313532 | 建筑库201/201建筑库 41排7列4层/ [索取号:TU753.3/G385] | 在馆 |